Score 0/117 Timer 10:00
0 Plays Today
Letter City/Town % Correct
BBoston
100%
NBoston
100%
OBoston
100%
SBoston
100%
TBoston
100%
CWorcester
91.1%
DSpringfield
91.1%
EWorcester
91.1%
ESpringfield
91.1%
FSpringfield
91.1%
GSpringfield
91.1%
ISpringfield
91.1%
LSpringfield
91.1%
NSpringfield
91.1%
OWorcester
91.1%
PSpringfield
91.1%
RWorcester
91.1%
RSpringfield
91.1%
SWorcester
91.1%
SSpringfield
91.1%
TWorcester
91.1%
WWorcester
91.1%
ACambridge
87.3%
BCambridge
87.3%
CCambridge
87.3%
DCambridge
87.3%
ECambridge
87.3%
GCambridge
87.3%
ICambridge
87.3%
MCambridge
87.3%
RCambridge
87.3%
CQuincy
84.8%
ELowell
84.8%
IQuincy
84.8%
LLowell
84.8%
NQuincy
84.8%
OLowell
84.8%
QQuincy
84.8%
UQuincy
84.8%
Letter City/Town % Correct
WLowell
84.8%
YQuincy
84.8%
AFall River
82.3%
FFall River
82.3%
IFall River
82.3%
LFall River
82.3%
VFall River
82.3%
AFramingham
77.2%
FFramingham
77.2%
GFramingham
77.2%
HFramingham
77.2%
MFramingham
77.2%
BNew Bedford
75.9%
DNew Bedford
75.9%
ENew Bedford
75.9%
FNew Bedford
75.9%
NNew Bedford
75.9%
ONew Bedford
75.9%
RNew Bedford
75.9%
WNew Bedford
75.9%
ISomerville
74.7%
LLynn
74.7%
MSomerville
74.7%
SSomerville
74.7%
VSomerville
74.7%
YLynn
74.7%
TNewton
70.9%
WNewton
70.9%
ALawrence
69.6%
BBrockton
69.6%
CBrockton
69.6%
CLawrence
69.6%
KBrockton
69.6%
LLawrence
69.6%
NBrockton
69.6%
OBrockton
69.6%
RBrockton
69.6%
TBrockton
69.6%
WLawrence
69.6%
Letter City/Town % Correct
HPlymouth
68.4%
PPlymouth
68.4%
UPlymouth
68.4%
YPlymouth
68.4%
AHaverhill
67.1%
DMedford
67.1%
FMedford
67.1%
HHaverhill
67.1%
VHaverhill
67.1%
BBrookline
64.6%
KBrookline
64.6%
HWaltham
62%
MWaltham
62%
TWaltham
62%
DMalden
59.5%
MMalden
59.5%
VRevere
57%
XLexington
55.7%
UTaunton
54.4%
PPittsfield
53.2%
HChicopee
50.6%
KHolyoke
50.6%
PChicopee
50.6%
GFitchburg
49.4%
PPeabody
48.1%
YPeabody
48.1%
GArlington
45.6%
SBarnstable
45.6%
UMethuen
44.3%
UWeymouth
39.2%
YWeymouth
39.2%
XFoxborough
34.2%
XUxbridge
34.2%
KTewksbury
32.9%
VEverett
32.9%
XOxford
31.6%
KFranklin
26.6%
QAquinnah
21.5%
XDuxbury
21.5%
Remove Ads.
Support Sporcle.
Get the best of Sporcle when you Go Orange. This ad-free experience offers more features, more stats, and more fun while also helping to support Sporcle. Thank you for becoming a member.

You're not logged in!

Compare scores with friends on all Sporcle quizzes.
OR
Log In

Show Comments

Extras

Top Quizzes Today


Score Distribution

Your Account Isn't Verified!

In order to create a playlist on Sporcle, you need to verify the email address you used during registration. Go to your Sporcle Settings to finish the process.

Report this User

Report this user for behavior that violates our Community Guidelines.

Details: